Score 0/10 Timer 01:00
5 Plays Today
Question Answer Wrong Answers
Weasley George
97.1%
Elaine
0.6%
Jerry
0.4%
Cosmo
0.3%
Weasley Fred
97%
Ethel
0.4%
Lucy
0.9%
Ricky
0.3%
Weasley Arthur
96.2%
Harrison
0.8%
Tyler
0.6%
Grant
0.9%
Weasley Percy
96.1%
Grover
0.8%
Thalia
0.6%
Annabeth
1%
Weasley Molly
96.1%
Holly
1.5%
Jolly
0.3%
Wolly
0.6%
Weasley Ronald
95.4%
Maureen
1.2%
Nancy
1.4%
Patti
0.6%
Wood Oliver
94.7%
Gigi
1%
Chicago
0.3%
Marty
2.4%
Weasley Charles
90.9%
Logan
1%
Hank
2.3%
Jean
3.9%
Weasley William
86.5%
Leonard
8.7%
DeForest
1%
Nichelle
1.8%
Weasley Ginevra
69.1%
Ginger
5.9%
Gigi
1.3%
Ginnifer
22.1%

You're not logged in!

Compare scores with friends on all Sporcle quizzes.
OR
Log In

Sporcle TV

Today on Sporcle TV


Watch our educational content, quiz creation guides, and fun videos on Sporcle TV.

Show Comments

Extras

Top Quizzes Today


Score Distribution

Paid Content

Your Account Isn't Verified!

In order to create a playlist on Sporcle, you need to verify the email address you used during registration. Go to your Sporcle Settings to finish the process.

Report this User

Report this user for behavior that violates our Community Guidelines.

Details: